| 000 | 01414nam a22003017a 4500 | ||
|---|---|---|---|
| 001 | 7353 | ||
| 003 | FISKH | ||
| 005 | 20250710104824.0 | ||
| 008 | 250710b cb ||||| |||| 00| 0 eng d | ||
| 020 | _a9780439661645 | ||
| 040 |
_aFISKH _beng _cFISKH _dFISKH |
||
| 050 | _aPZ7 .M73648 | ||
| 082 | _a853.92 | ||
| 100 |
_aStilton, Geronimo _d(1958-) |
||
| 245 |
_aThe Mona Mousa code / _cGeronimo Stilton |
||
| 250 | _aThis edition first published in 2005 | ||
| 260 |
_aNew York : _bScholastic, _c2000 |
||
| 300 |
_a112 pages : _bcolor illustrations ; _c20 cm |
||
| 505 | _aN | ||
| 520 | _aJuvenile Fiction. Juvenile Literature. HTML:I'm Geronimo Stilton. I run a newspaper, but my true passion is writing adventure stories.In my first adventure I find a secret map hidden beneath Mouse Island's most famous painting, the Monamouse that leads to the most fabumouse discovery beneath the streets of New Mouse City! And in my second adventure My grandfather William Shortpaws was determined to torture me. He wanted to publish a guide book to Ratzikistan, the Siberia of Mouse Island. And he ordered *me* to go there to write it! But as you know, dear reader, I HATE TRAVELING! | ||
| 521 | 8 |
_a550
_bLexile |
|
| 521 | 8 |
_aN
_bRaz-Plus |
|
| 650 |
_2Geronimo _aHumorous stories |
||
| 650 |
_2Accelerated Reader _aAdventure |
||
| 700 |
_aWolf, Matt _dillustrator |
||
| 942 |
_2ddc _cBK _n0 |
||
| 999 |
_c7353 _d7353 |
||